000 00441nam a2200193Ia 4500
008 170918s9999 xx 000 0 und d
020 _a9780545152990
050 _bC626 2002
100 _aClements, Andrew
245 4 _aThe jacket /
245 _cby Andrew Clements.
260 _aNew York :
260 _bScholastic,
260 _c2002
300 _a92 pages :
300 _billustrations ;
300 _c19cm.
500 _a640
999 _c343998
_d343998